|
|
|
|
| LEADER |
00000nam0a2200000 4500 |
| 001 |
26898 |
| 005 |
20231030201852.0 |
| 010 |
|
|
|a 5836001928
|
| 035 |
|
|
|a (RuTPU)RU\TPU\book\27143
|
| 035 |
|
|
|a BOOK00027218
|
| 090 |
|
|
|a 26898
|
| 100 |
|
|
|a 20011209d2001 k y0rusy50 ca
|
| 101 |
1 |
|
|a rus
|c eng
|
| 102 |
|
|
|a RU
|
| 105 |
|
|
|a y z 001zy
|
| 200 |
1 |
|
|a Хаос и интегрируемость в нелинейной динамике
|e пер. с англ.
|f М. Табор
|g под ред. В. А. Журавлева
|
| 210 |
|
|
|a Москва
|c Эдиториал УРСС
|d 2001
|
| 215 |
|
|
|a 320 с.
|
| 320 |
|
|
|a Библиогр.: с. 304-305.
|
| 610 |
1 |
|
|a физика
|
| 610 |
1 |
|
|a динамика
|
| 610 |
1 |
|
|a нелинейная динамика
|
| 610 |
1 |
|
|a хаос
|
| 610 |
1 |
|
|a дифференциальные уравнения
|
| 610 |
1 |
|
|a гаммильтоновы системы
|
| 610 |
1 |
|
|a возмущений теория
|
| 610 |
1 |
|
|a диссипативные системы
|
| 610 |
1 |
|
|a турбулентность
|
| 610 |
1 |
|
|a квазиклассическая механика
|
| 610 |
1 |
|
|a нелинейные эволюционные уравнения
|
| 610 |
1 |
|
|a солитоны
|
| 610 |
1 |
|
|a динамические системы
|
| 610 |
1 |
|
|a аналитическая структура
|
| 675 |
|
|
|a 530.145
|v 3
|
| 675 |
|
|
|a 517.928.7
|v 3
|
| 700 |
|
1 |
|a Табор
|b М.
|g Михал
|
| 702 |
|
1 |
|a Журавлев
|b В. А.
|4 340
|
| 801 |
|
0 |
|a RU
|b 63413507
|c 20011209
|g PSBO
|
| 801 |
|
2 |
|a RU
|b 63413507
|c 20111128
|g PSBO
|
| 942 |
|
|
|c BK
|